| 000 | 00453nam a2200157Ia 4500 | ||
|---|---|---|---|
| 008 | 220214s9999 xx 000 0 und d | ||
| 100 | _aCockbain E G | ||
| 245 | 0 | _aFormation of graft polymers by r-irradiation of natural rubber latex and methyl methacrylate | |
| 260 |
_bJournal of Polymer Science _c1959 |
||
| 300 | _a419-426 | ||
| 650 | _aGraft polymers | ||
| 650 | _ar-irradiation | ||
| 700 | _aPendle T D | ||
| 700 | _aTurner D T | ||
| 942 | _cRE | ||
| 999 |
_c45521 _d45521 |
||